Pays où le mariage homosexuel est légal - Statistiques

Statistiques générales
  • Ce quiz a été pris 191 fois
    99 depuis la dernière actualisation
  • Le résultat moyen est 26 sur 38
Statistiques - réponses
Année Pays % Correct
2013 France
99%
2005 Espagne
98%
2015 États-Unis
94%
2005 Canada
93%
2010 Portugal
90%
2017 Allemagne
89%
2003 Belgique
87%
2013 Brésil
87%
2009 Suède
86%
2022 Suisse
84%
2017 Finlande
82%
2009 Norvège
81%
2001 Pays-Bas
80%
2010 Argentine
79%
2022 Mexique
79%
2017 Australie
77%
2012 Danemark
74%
2015 Irlande
73%
2020 Royaume-Uni
73%
2024 Grèce
71%
2010 Islande
69%
2019 Autriche
64%
2015 Luxembourg
64%
2013 Nouvelle-Zélande
62%
2022 Slovénie
61%
2022 Chili
60%
2006 Afrique du Sud
59%
2016 Colombie
59%
2023 Andorre
54%
2025 Thaïlande
51%
2024 Estonie
47%
2013 Uruguay
46%
2019 Équateur
44%
2022 Cuba
43%
2025 Liechtenstein
42%
2017 Malte
42%
2020 Costa Rica
34%
2019 Taïwan
21%
Aucun quiz correspondant
Distribution des résultats
% des personnes avec chaque résultat
Percentile par nombre de réponses
Votre historique - résultats
Vous n’avez pas pris ce quiz depuis la dernière actualisation